Murder On The Menu: The Sensational Story Of The Tycoon Who Founded Saravana Bhavan (Record no. 41135)

MARC details
000 -LEADER
fixed length control field 00335nam a2200109Ia 4500
008 - FIXED-LENGTH DATA ELEMENTS--GENERAL INFORMATION
fixed length control field 240719s9999 xx 000 0 und d
041 ## - LANGUAGE CODE
Language code of text/sound track or separate title eng
082 ## - DEWEY DECIMAL CLASSIFICATION NUMBER
Classification number 828 SUB
100 ## - MAIN ENTRY--PERSONAL NAME
Personal name Subramanian, Nirupama
245 ## - TITLE STATEMENT
Title Murder On The Menu: The Sensational Story Of The Tycoon Who Founded Saravana Bhavan
260 ## - PUBLICATION, DISTRIBUTION, ETC.
Place of publication, distribution, etc. New Delhi
Name of publisher, distributor, etc. Juggernaut Books
Holdings
Withdrawn status Lost status Damaged status Not for loan Home library Current library Shelving location Date acquired Full call number Barcode Date last seen Price effective from Koha item type
        IMTN IMTN Rack 43-A 03/16/2022 828 SUB 32830 11/13/2025 07/19/2024 Books
Designed & Maintained by: LRC IMT Nagpur Contact: lrc@imtnag.ac.in© 2024. All Rights Reserved.